Countries Closest to the Dem Rep of Congo - One Minute Sprint - Statistics

General Stats
  • This quiz has been taken 30 times
  • The average score is 17 of 20
Answer Stats
km country miles % Correct
189 Cameroon 118
95%
0 Central African Republic 0
95%
158 Gabon 98
95%
0 Rwanda 0
95%
0 Uganda 0
95%
0 Congo 0
91%
348 Kenya 216
91%
0 Angola 0
86%
632 Botswana 392
86%
0 Burundi 0
86%
0 Tanzania 0
86%
339 Chad 210
82%
292 Malawi 182
82%
633 Namibia 394
77%
0 South Sudan 0
77%
0 Zambia 0
77%
240 Zimbabwe 149
77%
526 Ethiopia 327
73%
178 Mozambique 111
73%
506 Sudan 315
73%
No matching quizzes found
Score Distribution
Percent of People with Each Score
Percentile by Number Answered
Your Score History
You have not taken this quiz